Satellites (Record no. 9323)

MARC details
000 -LEADER
fixed length control field 00921nam a2200241Ia 4500
003 - CONTROL NUMBER IDENTIFIER
control field IN-BaIIA
008 - FIXED-LENGTH DATA ELEMENTS--GENERAL INFORMATION
fixed length control field 211028s9999 xx 000 0 eng d
020 ## - INTERNATIONAL STANDARD BOOK NUMBER
International Standard Book Number 0-8165-0983-2
040 ## - CATALOGING SOURCE
Transcribing agency IIA Library
080 ## - UNIVERSAL DECIMAL CLASSIFICATION NUMBER
Universal Decimal Classification number 082.2:52
Item number IAU-C77
111 ## - MAIN ENTRY--MEETING NAME
Meeting name or jurisdiction name as entry element International Astronomical Union Colloquium
Number of part/section/meeting 77th
Location of meeting Tucson
Date of meeting or treaty signing 1983 July 5-9
9 (RLIN) 15691
245 #0 - TITLE STATEMENT
Title Satellites
Remainder of title proceedings of the international astronomical union colloquium no.77 held in Cornel University,Thaca, New York,July 5-9, 1983
Statement of responsibility, etc. edited by Joseph A. Burns and Milded Shapley Matthews
260 ## - PUBLICATION, DISTRIBUTION, ETC.
Place of publication, distribution, etc. Tucson
Name of publisher, distributor, etc. University of Arizona Press
Date of publication, distribution, etc. 1986
300 ## - PHYSICAL DESCRIPTION
Extent x, 1021p.
490 ## - SERIES STATEMENT
Series statement IAU Colloquium, no. 77
650 ## - SUBJECT ADDED ENTRY--TOPICAL TERM
Topical term or geographic name entry element Astronomy and Astrophysics thesaurus
650 ## - SUBJECT ADDED ENTRY--TOPICAL TERM
Topical term or geographic name entry element Natural satellites
9 (RLIN) 15692
650 ## - SUBJECT ADDED ENTRY--TOPICAL TERM
Topical term or geographic name entry element Planets
9 (RLIN) 971
650 ## - SUBJECT ADDED ENTRY--TOPICAL TERM
Topical term or geographic name entry element Satellites
9 (RLIN) 3328
700 ## - ADDED ENTRY--PERSONAL NAME
Personal name Burns, Joseph A., ed.
9 (RLIN) 15693
700 ## - ADDED ENTRY--PERSONAL NAME
Personal name Matthews, Milded Shapley ed.
9 (RLIN) 15694
942 ## - ADDED ENTRY ELEMENTS (KOHA)
Koha item type Books
Holdings
Withdrawn status Lost status Damaged status Not for loan Home library Current library Shelving location Date acquired Total Checkouts Full call number Barcode Date last seen Price effective from Koha item type
        IIA Library-Bangalore IIA Library-Bangalore General Stacks     082.2:52/ IAU-C77 10230 05/11/2021   Books

Powered by Koha